<?xml version="1.0" encoding="UTF-8"?>
<record
    xmlns:xsi="http://www.w3.org/2001/XMLSchema-instance"
    xsi:schemaLocation="http://www.loc.gov/MARC21/slim http://www.loc.gov/standards/marcxml/schema/MARC21slim.xsd"
    xmlns="http://www.loc.gov/MARC21/slim">

  <leader>00557nam a22001817a 4500</leader>
  <controlfield tag="001">2561</controlfield>
  <controlfield tag="003">HMS</controlfield>
  <controlfield tag="005">20250710161336.0</controlfield>
  <controlfield tag="008">250710n2001    cl d|||frt||| 00| 0 spa  </controlfield>
  <datafield tag="040" ind1=" " ind2=" ">
    <subfield code="a">hms</subfield>
    <subfield code="b">spa</subfield>
    <subfield code="c">hms</subfield>
  </datafield>
  <datafield tag="050" ind1="0" ind2="4">
    <subfield code="a">WS330</subfield>
    <subfield code="b">D566</subfield>
  </datafield>
  <datafield tag="245" ind1="0" ind2="0">
    <subfield code="a">Obesidad en la infancia y la adolescencia /</subfield>
    <subfield code="c">W. H. Dietz y C. Chen</subfield>
    <subfield code="h">[libro]</subfield>
    <subfield code="n">Volumen 49</subfield>
  </datafield>
  <datafield tag="260" ind1=" " ind2=" ">
    <subfield code="a">Shanghai:</subfield>
    <subfield code="b">Nestl&#xE9; Nutrici&#xF3;n,</subfield>
    <subfield code="c">2001</subfield>
  </datafield>
  <datafield tag="300" ind1=" " ind2=" ">
    <subfield code="a">63 p&#xE1;ginas</subfield>
  </datafield>
  <datafield tag="500" ind1=" " ind2=" ">
    <subfield code="a">Nestl&#xE9; Nutrition Workshop Series Pediatric Program Volumen 49 </subfield>
  </datafield>
  <datafield tag="650" ind1=" " ind2="7">
    <subfield code="a">Obesidad </subfield>
    <subfield code="9">3638</subfield>
  </datafield>
  <datafield tag="942" ind1=" " ind2=" ">
    <subfield code="2">lcc</subfield>
    <subfield code="c">COL. RES.</subfield>
    <subfield code="n">0</subfield>
  </datafield>
  <datafield tag="999" ind1=" " ind2=" ">
    <subfield code="c">2561</subfield>
    <subfield code="d">2561</subfield>
  </datafield>
  <datafield tag="952" ind1=" " ind2=" ">
    <subfield code="0">0</subfield>
    <subfield code="1">0</subfield>
    <subfield code="2">lcc</subfield>
    <subfield code="4">0</subfield>
    <subfield code="7">0</subfield>
    <subfield code="8">Col. Res.</subfield>
    <subfield code="a">BHMS</subfield>
    <subfield code="b">BHMS</subfield>
    <subfield code="c">Full Space</subfield>
    <subfield code="d">1989-12-04</subfield>
    <subfield code="e">Donaci&#xF3;n</subfield>
    <subfield code="i">000775</subfield>
    <subfield code="l">0</subfield>
    <subfield code="o">WS330 D566 1&#xAA;ed 2001</subfield>
    <subfield code="p">000775</subfield>
    <subfield code="r">2025-07-10 11:42:29</subfield>
    <subfield code="t">c.1</subfield>
    <subfield code="w">2025-07-10</subfield>
    <subfield code="y">COL. RES.</subfield>
  </datafield>
</record>
